Every Lando Norris win - Statistics

General Stats
  • This quiz has been taken 58 times
  • The average score is 9 of 11
Answer Stats
Year Grand Prix % Correct
2024 Miami
94%
2025 Australia
87%
2024 Abu Dhabi
85%
2025 Monaco
85%
2025 British
81%
2025 Austria
79%
2025 Mexico City
79%
2025 Hungary
77%
2024 Singapore
77%
2024 Dutch
69%
2025 São Paulo
52%
No matching quizzes found
Score Distribution
Percent of People with Each Score
Percentile by Number Answered
Your Score History
You have not taken this quiz